000 00772nam a2200265 a 4500
001 0001-1170
003 ELIB.Books
008 150507 2010 eng
020 _a13: 9780664229108
035 _a(ELIB.Books)0001-1325
092 _a220.6
_bDay
100 _aDay, Linda.
245 _aEngaging the Bible in a Gendered World:
_bAn Introduction to Feminist Biblical Interpretation in Honor of Katharine Doob Sakenfeld
260 _aLouisville
_bWestminster John Knox Press
_c2006
300 _a260
_c23.5 Cm
500 _aC/o Moe Lwei
650 _aBible
700 _aLinda Day
710 _aCarolyn Pressler
856 _nKBTS: Library
_uKBTS: Elib
942 _2ddc
_cBK
990 _a1
998 _cbat
_e2015-05-07
999 _c11170
_d11170